[Event "Kochan Memorial op 26th"]
[Site "Koszalin"]
[Date "2015.08.22"]
[Round "7"]
[White "Lisinski, Henryk"]
[Black "Luczak, Filip"]
[Result "0-1"]
[WhiteElo "1875"]
[BlackElo "1529"]
[PlyCount "104"]
[EventDate "2015.08.17"]
[EventType "swiss"]
[EventRounds "9"]
[EventCountry "POL"]
[SourceTitle "EXT 2016"]
[Source "ChessBase"]
[SourceDate "2015.10.08"]
[SourceVersion "1"]
[SourceVersionDate "2015.10.08"]
[SourceQuality "1"]

1. d4 Nf6 2. Nf3 e6 3. c4 Bb4+ 4. Bd2 Qe7 5. Nc3 c5 6. e3 cxd4 7. exd4 Bxc3 8. bxc3 b6 9. Bd3 Bb7 10. 0-0 0-0 11. Bg5 d6 12. Re1 h6 13. Bf4 Nbd7 14. h3 Rac8 15. Nd2 d5 16. Qb3 Nh5 17. Bh2 Qg5 18. Nf3 dxc4 19. Nxg5 cxb3 20. Ne4 Bxe4 21. Bxe4 b2 22. Rab1 Nhf6 23. Bf3 Rxc3 24. Rxb2 Rfc8 25. Kf1 Rd3 26. Rd1 Rxd1+ 27. Bxd1 Rc1 28. Ke2 Nd5 29. Bb3 N7f6 30. Rc2 Rxc2+ 31. Bxc2 Nc3+ 32. Kd2 Nxa2 33. Bd6 Nd5 34. Bd3 Nab4 35. Bc4 a5 36. f4 a4 37. g3 a3 38. Bxd5 Nxd5 39. Bxa3 Kh7 40. Bd6 Kg6 41. Kd3 b5 42. Ke4 f5+ 43. Kd3 Kf6 44. Be5+ Kf7 45. Bd6 g5 46. fxg5 hxg5 47. Ba3 f4 48. g4 b4 49. Bc1 Kf6 50. Ke4 b3 51. Bb2 Kf7 52. Kd3 Nb6 0-1

[Event "Kochan Memorial op 26th"]
[Site "Koszalin"]
[Date "2015.08.22"]
[Round "8"]
[White "Przerwa, Waldemar"]
[Black "Lisinski, Henryk"]
[Result "1/2-1/2"]
[WhiteElo "1773"]
[BlackElo "1875"]
[PlyCount "42"]
[EventDate "2015.08.17"]
[EventType "swiss"]
[EventRounds "9"]
[EventCountry "POL"]
[SourceTitle "EXT 2016"]
[Source "ChessBase"]
[SourceDate "2015.10.08"]
[SourceVersion "1"]
[SourceVersionDate "2015.10.08"]
[SourceQuality "1"]

1. e4 e5 2. Nf3 Nc6 3. Bb5 Nf6 4. 0-0 Nxe4 5. Re1 Nd6 6. Bxc6 dxc6 7. Nxe5 Be7 8. d3 0-0 9. h3 Nf5 10. Nd2 Be6 11. Ndf3 h6 12. Ng6 Re8 13. Nxe7+ Nxe7 14. Bf4 Ng6 15. Bg3 Qd7 16. Ne5 Nxe5 17. Bxe5 f6 18. Bg3 Qf7 19. Qd2 a5 20. a4 c5 21. Qc3 b6 1/2-1/2

[Event "Kochan Memorial op 26th"]
[Site "Koszalin"]
[Date "2015.08.17"]
[Round "1"]
[White "Lisinski, Henryk"]
[Black "Shishkin, Vadim"]
[Result "0-1"]
[WhiteElo "1875"]
[BlackElo "2513"]
[PlyCount "108"]
[EventDate "2015.08.17"]
[EventType "swiss"]
[EventRounds "9"]
[EventCountry "POL"]
[SourceTitle "EXT 2016"]
[Source "ChessBase"]
[SourceDate "2015.10.08"]
[SourceVersion "1"]
[SourceVersionDate "2015.10.08"]
[SourceQuality "1"]

1. d4 Nf6 2. Nf3 g6 3. c4 Bg7 4. Nc3 d5 5. e3 0-0 6. Qc2 c6 7. h3 Be6 8. b3 Na6 9. a3 Bf5 10. Bd3 Bxd3 11. Qxd3 c5 12. Bb2 cxd4 13. exd4 dxc4 14. bxc4 Rc8 15. 0-0 Nc5 16. Qe2 Nb3 17. Rad1 Na5 18. c5 e6 19. Nb5 Nc6 20. Rfe1 Nd5 21. Ba1 Qa5 22. g3 Qa6 23. Rb1 b6 24. Ng5 Nd8 25. Ne4 Nb7 26. Rec1 Rc6 27. cxb6 Rxc1+ 28. Rxc1 axb6 29. Qc4 Na5 30. Qd3 Rc8 31. Rb1 Rc6 32. Qf1 Nb7 33. Qd3 Rc8 34. Qf3 Rd8 35. Kg2 h6 36. h4 Rd7 37. Nec3 Nxc3 38. Qxc3 Na5 39. Kh2 Qb7 40. Rc1 Bf6 41. Rc2 h5 42. Qe3 Kg7 43. Qf4 Qd5 44. Rb2 Qf5 45. Qc1 Kh7 46. Qc8 e5 47. Re2 exd4 48. a4 Nb3 49. Bb2 Nc5 50. Qa8 Bg7 51. f3 Qd5 52. Qxd5 Rxd5 53. Nxd4 Bxd4 54. Rd2 Ne6 0-1

[Event "Kochan Memorial op 24th"]
[Site "Koszalin"]
[Date "2013.08.14"]
[Round "6"]
[White "Kowalski, Maciej"]
[Black "Lisinski, Henryk"]
[Result "1-0"]
[WhiteElo "1932"]
[BlackElo "1929"]
[PlyCount "89"]
[EventDate "2013.08.10"]
[EventType "swiss"]
[EventRounds "9"]
[EventCountry "POL"]
[SourceTitle "CBM 155 Extra"]
[Source "ChessBase"]
[SourceDate "2013.08.26"]
[SourceVersion "1"]
[SourceVersionDate "2013.08.26"]
[SourceQuality "1"]

1. e4 c5 2. Nf3 d6 3. d4 cxd4 4. Nxd4 Nf6 5. Nc3 a6 6. Bg5 e6 7. Bc4 Be7 8. a4 Nxe4 9. Bxe7 Nxc3 10. Bxd8 Nxd1 11. Bc7 Nxb2 12. Bb3 d5 13. Rb1 Nc4 14. Bxc4 dxc4 15. Rb4 0-0 16. Kd2 e5 17. Bxe5 Rd8 18. Kc3 Nd7 19. Bc7 Re8 20. Kxc4 Nf6 21. a5 Be6+ 22. Nxe6 Rxe6 23. Rxb7 Rc8 24. Kd4 Re7 25. Rhb1 Rd7+ 26. Ke5 Re8+ 27. Kf5 Nd5 28. Bg3 g6+ 29. Kg4 Nf6+ 30. Kf3 Rd5 31. Bf4 Rxa5 32. Rb8 Rxb8 33. Rxb8+ Kg7 34. Rc8 g5 35. Be3 Ng8 36. Bd4+ f6 37. c4 h5 38. Ke4 Kf7 39. Bc5 f5+ 40. Ke5 Nf6 41. Rc7+ Kg6 42. Rc6 Kg7 43. Ke6 Ra2 44. Bd4 Re2+ 45. Kxf5 1-0

[Event "Kochan Memorial op 24th"]
[Site "Koszalin"]
[Date "2013.08.13"]
[Round "5"]
[White "Lisinski, Henryk"]
[Black "Smal, Tobiasz"]
[Result "1-0"]
[WhiteElo "1929"]
[BlackElo "1928"]
[PlyCount "117"]
[EventDate "2013.08.10"]
[EventType "swiss"]
[EventRounds "9"]
[EventCountry "POL"]
[SourceTitle "CBM 155 Extra"]
[Source "ChessBase"]
[SourceDate "2013.08.26"]
[SourceVersion "1"]
[SourceVersionDate "2013.08.26"]
[SourceQuality "1"]

1. d4 Nf6 2. Nf3 g6 3. c4 Bg7 4. Nc3 0-0 5. e4 d6 6. Be2 Na6 7. 0-0 e5 8. dxe5 dxe5 9. Qc2 Nh5 10. Rd1 Qe8 11. Nd5 c6 12. Ne3 Nf4 13. Bf1 Qe7 14. a3 Nc5 15. b4 Nce6 16. Bb2 Ng5 17. Nxg5 Qxg5 18. Kh1 Ne6 19. Rd2 Nd4 20. Qd1 Be6 21. Rb1 Rad8 22. Ba1 f5 23. exf5 gxf5 24. c5 f4 25. Nc4 f3 26. Ne3 Nb3 27. Rd6 Nxa1 28. Rxa1 e4 29. Rb1 Be5 30. Rxd8 Rxd8 31. Qc2 fxg2+ 32. Bxg2 Qf4 33. Nf1 Rd3 34. Re1 Bh3 35. Qc4+ Kh8 36. Qxe4 Qxe4 37. Rxe4 Bxg2+ 38. Kxg2 Bb2 39. Re8+ Kg7 40. Re7+ Kg6 41. Rxb7 Rxa3 42. Rc7 Ra6 43. Ne3 Bc3 44. Rb7 Ra4 45. b5 cxb5 46. c6 Be5 47. Rxb5 Bd6 48. Rb7 Ra1 49. Nc4 Bf4 50. c7 Bxc7 51. Rxc7 a5 52. Ra7 a4 53. Ra5 Kf6 54. h4 Ke6 55. Kf3 Ra2 56. Kg3 Kd7 57. Kf4 Kc6 58. f3 Rc2 59. Ne5+ 1-0

[Event "Kochan Memorial op 23rd"]
[Site "Koszalin"]
[Date "2012.08.14"]
[Round "4"]
[White "Karwowski, Kacper"]
[Black "Lisinski, Henryk"]
[Result "1-0"]
[WhiteElo "1864"]
[BlackElo "1976"]
[PlyCount "41"]
[EventDate "2012.08.11"]
[EventType "swiss"]
[EventRounds "9"]
[EventCountry "POL"]
[SourceTitle "CBM 149 Extra"]
[Source "ChessBase"]
[SourceDate "2012.08.24"]
[SourceVersion "1"]
[SourceVersionDate "2012.08.24"]
[SourceQuality "1"]

1. e4 c5 2. Nf3 d6 3. d4 cxd4 4. Nxd4 Nf6 5. Nc3 a6 6. Bg5 Nbd7 7. Bc4 Qa5 8. Qd2 e6 9. f3 Be7 10. 0-0-0 Qc5 11. Bxe6 fxe6 12. Nxe6 Qa5 13. Nxg7+ Kf7 14. Nf5 Bf8 15. Bh6 Ne5 16. Nxd6+ Bxd6 17. Qxd6 Be6 18. Nd5 Bxd5 19. Qxe5 Qxa2 20. Qc7+ Ke8 21. exd5 1-0

[Event "Kochan Memorial op 23rd"]
[Site "Koszalin"]
[Date "2012.08.12"]
[Round "2"]
[White "Zimochocki, Roman"]
[Black "Lisinski, Henryk"]
[Result "1/2-1/2"]
[WhiteElo "1805"]
[BlackElo "1976"]
[PlyCount "84"]
[EventDate "2012.08.11"]
[EventType "swiss"]
[EventRounds "9"]
[EventCountry "POL"]
[SourceTitle "CBM 149 Extra"]
[Source "ChessBase"]
[SourceDate "2012.08.24"]
[SourceVersion "1"]
[SourceVersionDate "2012.08.24"]
[SourceQuality "1"]

1. d4 d5 2. Nf3 Nf6 3. Bf4 e6 4. Nbd2 c5 5. c3 Nc6 6. e3 Be7 7. h3 0-0 8. Bd3 h6 9. 0-0 a6 10. a4 b6 11. Re1 Bb7 12. Ne5 c4 13. Bc2 b5 14. axb5 axb5 15. e4 Rxa1 16. Qxa1 Nxe5 17. Bxe5 Nxe4 18. Nxe4 dxe4 19. Bxe4 Bxe4 20. Rxe4 Qd5 21. Rg4 f6 22. Qa7 Rf7 23. Qb8+ Qd8 24. Qxd8+ Bxd8 25. Bd6 Rd7 26. Bc5 f5 27. Rg3 f4 28. Rf3 g5 29. g3 Bc7 30. gxf4 Bxf4 31. h4 Kg7 32. hxg5 hxg5 33. Rh3 Rd8 34. Kg2 Bc1 35. Ba3 Rd5 36. Rh1 Bf4 37. Kf3 Rf5 38. Ke2 e5 39. dxe5 Rxe5+ 40. Kf3 Rd5 41. Ke4 Re5+ 42. Kf3 Rd5 1/2-1/2

[Event "Kochan Memorial op 23rd"]
[Site "Koszalin"]
[Date "2012.08.11"]
[Round "1"]
[White "Lisinski, Henryk"]
[Black "Dura, Damian"]
[Result "1-0"]
[WhiteElo "1976"]
[BlackElo "1617"]
[PlyCount "97"]
[EventDate "2012.08.11"]
[EventType "swiss"]
[EventRounds "9"]
[EventCountry "POL"]
[SourceTitle "CBM 149 Extra"]
[Source "ChessBase"]
[SourceDate "2012.08.24"]
[SourceVersion "1"]
[SourceVersionDate "2012.08.24"]
[SourceQuality "1"]

1. d4 c5 2. e3 e6 3. Nf3 d5 4. Be2 Nc6 5. 0-0 Bd6 6. dxc5 Bxc5 7. c4 Nge7 8. cxd5 exd5 9. a3 h6 10. b4 Bd6 11. Bb2 0-0 12. Qb3 Be6 13. Qc3 f6 14. b5 Ne5 15. Nd4 Bf7 16. Nd2 Qd7 17. Rac1 Nc8 18. f4 Ng6 19. a4 Nb6 20. Qb3 Rac8 21. h3 Rfe8 22. Bg4 Qe7 23. Bxc8 Nxc8 24. Nf5 Qe6 25. Nd4 Qe7 26. a5 Bc5 27. Nf5 Qc7 28. Bd4 b6 29. Qc2 Qd7 30. axb6 Bxd4 31. Nxd4 axb6 32. Qc6 Nf8 33. Rc3 Qe7 34. Nf5 Qe6 35. Qxe6 Nxe6 36. Rxc8 Nc5 37. Rxe8+ Bxe8 38. Ne7+ Kf7 39. Nxd5 Bxb5 40. Rb1 Bd3 41. Rxb6 Nd7 42. Rb7 Ke6 43. Nb4 Bg6 44. e4 Be8 45. Nc4 g6 46. Nd5 Bf7 47. Ndb6 Nc5 48. f5+ gxf5 49. exf5+ 1-0

[Event "Kochan Memorial op-A 20th"]
[Site "Koszalin"]
[Date "2009.08.11"]
[Round "6"]
[White "Ciechonski, Piotr"]
[Black "Lisinski, Henryk"]
[Result "0-1"]
[WhiteElo "2122"]
[BlackElo "2037"]
[PlyCount "92"]
[EventDate "2009.08.06"]
[EventType "swiss"]
[EventRounds "9"]
[EventCountry "POL"]
[SourceTitle "CBM 131 Extra"]
[Source "ChessBase"]
[SourceDate "2009.09.03"]
[SourceVersion "2"]
[SourceVersionDate "2009.09.16"]
[SourceQuality "1"]

1. e4 c5 2. Nf3 d6 3. d4 cxd4 4. Nxd4 Nf6 5. Nc3 a6 6. Be3 e6 7. g4 b5 8. g5 b4 9. gxf6 bxc3 10. fxg7 Bxg7 11. bxc3 Bb7 12. f3 Qc7 13. Qd2 Nd7 14. Be2 d5 15. exd5 Bxd5 16. 0-0 Ne5 17. Bf4 Qd7 18. Rab1 Nc4 19. Qe1 0-0 20. Qg3 Kh8 21. Qh3 f5 22. Bd3 e5 23. Bxf5 Rxf5 24. Qxf5 Qxf5 25. Nxf5 exf4 26. Rbd1 Be6 27. Nxg7 Kxg7 28. Kf2 Ne3 29. Rg1+ Kf6 30. Rd4 Kf5 31. h4 h6 32. h5 Bf7 33. Rd6 Rc8 34. Rg7 Bd5 35. Rxa6 Rxc3 36. Ra5 Rxc2+ 37. Ke1 Rc1+ 38. Kd2 Rf1 39. Ke2 Rh1 40. Rd7 Rh2+ 41. Kd3 Ke6 42. Rg7 Rxh5 43. Rg6+ Kf7 44. Rb6 Bc4+ 45. Ke4 Rxa5 46. Rxh6 Nd5 0-1

[Event "Kochan Memorial op 19th"]
[Site "Koszalin"]
[Date "2008.08.12"]
[Round "9"]
[White "Zakoscielna, Kinga"]
[Black "Lisinski, Henryk"]
[Result "1-0"]
[WhiteElo "2125"]
[BlackElo "2020"]
[PlyCount "103"]
[EventDate "2008.08.04"]
[EventType "swiss"]
[EventRounds "9"]
[EventCountry "POL"]
[SourceTitle "CBM 125 Extra"]
[Source "ChessBase"]
[SourceDate "2008.09.01"]
[SourceVersion "1"]
[SourceVersionDate "2008.09.01"]
[SourceQuality "1"]

1. e4 e5 2. Nf3 Nc6 3. Bb5 a6 4. Ba4 Nf6 5. 0-0 Be7 6. Re1 b5 7. Bb3 d6 8. c3 0-0 9. h3 Bb7 10. d4 h6 11. Nbd2 Re8 12. Nf1 Bf8 13. Ng3 Na5 14. Bc2 g6 15. a4 Nc4 16. Bd3 c6 17. Bxc4 bxc4 18. dxe5 dxe5 19. Qe2 Qd3 20. a5 Qxe2 21. Rxe2 c5 22. Nd2 h5 23. h4 Rad8 24. Re1 Rd3 25. Nxc4 Bc6 26. Bg5 Nh7 27. Be3 Nf6 28. f3 Bb5 29. Na3 Ba4 30. Bf2 Bb3 31. Ne2 Rd2 32. Rab1 Ba2 33. Ra1 Bb3 34. Nc1 Rxb2 35. Nd3 Rd2 36. Nxc5 Ba2 37. Be3 Bxc5 38. Bxc5 Rc8 39. Bb4 Ne8 40. Rad1 Rcd8 41. Rxd2 Rxd2 42. Kf1 Nc7 43. Re2 Rxe2 44. Kxe2 f6 45. c4 Kf7 46. Kd2 Bb3 47. Kc3 Bd1 48. Nc2 Be2 49. Ne3 Ke6 50. Kd2 Bxc4 51. Nxc4 Nb5 52. Nb2 1-0

[Event "Kochan Memorial op 19th"]
[Site "Koszalin"]
[Date "2008.08.10"]
[Round "7"]
[White "Lisinski, Henryk"]
[Black "Staruch, Roman"]
[Result "1-0"]
[WhiteElo "2020"]
[BlackElo "2036"]
[PlyCount "49"]
[EventDate "2008.08.04"]
[EventType "swiss"]
[EventRounds "9"]
[EventCountry "POL"]
[SourceTitle "CBM 125 Extra"]
[Source "ChessBase"]
[SourceDate "2008.09.01"]
[SourceVersion "1"]
[SourceVersionDate "2008.09.01"]
[SourceQuality "1"]

1. d4 Nf6 2. Nf3 e6 3. c4 d5 4. Nc3 c5 5. e3 cxd4 6. exd4 Nc6 7. cxd5 Nxd5 8. Bd3 Be7 9. 0-0 0-0 10. Ne4 h6 11. a3 Nf6 12. h3 Nxd4 13. Nxd4 Qxd4 14. Qe2 Rd8 15. Nxf6+ Bxf6 16. Rd1 Qb6 17. Rb1 Bd7 18. Qe4 Kf8 19. Qh7 Qb3 20. Bc2 Qb5 21. a4 Qh5 22. b3 Qc5 23. b4 Qc7 24. b5 Qc5 25. Rb3 1-0

[Event "Kochan Memorial op 19th"]
[Site "Koszalin"]
[Date "2008.08.07"]
[Round "4"]
[White "Lisinski, Henryk"]
[Black "Suder, Ryszard"]
[Result "1/2-1/2"]
[WhiteElo "2020"]
[BlackElo "2183"]
[PlyCount "43"]
[EventDate "2008.08.04"]
[EventType "swiss"]
[EventRounds "9"]
[EventCountry "POL"]
[SourceTitle "CBM 125 Extra"]
[Source "ChessBase"]
[SourceDate "2008.09.01"]
[SourceVersion "1"]
[SourceVersionDate "2008.09.01"]
[SourceQuality "1"]

1. d4 Nf6 2. Nf3 g6 3. c4 Bg7 4. Nc3 d5 5. Bf4 c5 6. e3 0-0 7. cxd5 Nxd5 8. Be5 f6 9. Bxb8 Nxc3 10. bxc3 Rxb8 11. Bc4+ Kh8 12. 0-0 b5 13. Rb1 Qa5 14. a4 Bf5 15. Rxb5 Rxb5 16. axb5 Qxc3 17. Qb3 Qxb3 18. Bxb3 Bd3 19. Rc1 cxd4 20. Nxd4 f5 21. Rd1 Be5 22. Rxd3 1/2-1/2

[Event "Kochan Memorial op-B 18th"]
[Site "Koszalin"]
[Date "2007.08.13"]
[Round "9"]
[White "Szewczak, Andrzej"]
[Black "Lisinski, Henryk"]
[Result "0-1"]
[WhiteElo "1975"]
[BlackElo "2024"]
[PlyCount "94"]
[EventDate "2007.08.05"]
[EventType "swiss"]
[EventRounds "9"]
[EventCountry "POL"]
[SourceTitle "EXT 2011"]
[Source "ChessBase"]
[SourceDate "2010.11.26"]
[SourceVersion "1"]
[SourceVersionDate "2010.11.26"]
[SourceQuality "1"]

1. e4 e5 2. Nf3 Nc6 3. Bc4 Nf6 4. Qe2 Be7 5. 0-0 0-0 6. c3 d6 7. h3 Na5 8. Bd3 Nh5 9. Bc2 Nf4 10. Qe1 f5 11. d4 fxe4 12. Bxf4 exf3 13. Bg3 fxg2 14. Kxg2 Nc6 15. d5 Nb8 16. Nd2 Bg5 17. Ne4 Bf4 18. f3 Nd7 19. Bh4 Qe8 20. Ng5 Bxg5 21. Bxg5 Qh5 22. Qh4 Qxh4 23. Bxh4 Nf6 24. Bxf6 Rxf6 25. h4 Bf5 26. Bxf5 Rxf5 27. f4 exf4 28. Rae1 Re5 29. Rxe5 dxe5 30. Kf3 Kf7 31. Ke4 Kf6 32. c4 g6 33. Rd1 Rd8 34. c5 h6 35. b4 g5 36. hxg5+ hxg5 37. Rh1 Kg6 38. b5 g4 39. c6 bxc6 40. bxc6 f3 41. Kxe5 f2 42. Kf4 f1Q+ 43. Rxf1 Rf8+ 44. Kxg4 Rxf1 45. d6 cxd6 46. c7 Rc1 47. a4 Rxc7 0-1

[Event "Perla Baltyku op-B 3rd"]
[Site "Mielno"]
[Date "2007.06.23"]
[Round "7"]
[White "Sobczak, Miroslaw"]
[Black "Lisinski, Henryk"]
[Result "0-1"]
[WhiteElo "2088"]
[BlackElo "2024"]
[PlyCount "88"]
[EventDate "2007.06.18"]
[EventType "swiss"]
[EventRounds "9"]
[EventCountry "POL"]
[SourceTitle "EXT 2008"]
[Source "ChessBase"]
[SourceDate "2007.11.25"]
[SourceVersion "1"]
[SourceVersionDate "2007.11.25"]
[SourceQuality "1"]

1. e4 e5 2. Nf3 Nc6 3. d4 exd4 4. Bc4 Be7 5. 0-0 d6 6. Nxd4 Nxd4 7. Qxd4 Bf6 8. Qd3 Ne7 9. Nc3 0-0 10. Be3 Be6 11. Bxe6 fxe6 12. Ne2 Qc8 13. Qb3 Ng6 14. f4 Kh8 15. Rad1 b6 16. Rf3 a5 17. c4 Qd7 18. Qc2 Qc6 19. Rh3 Kg8 20. a4 Rad8 21. b3 Qb7 22. g4 c5 23. g5 Be7 24. f5 Ne5 25. Rf1 Ng4 26. Bc1 h6 27. gxh6 Nxh6 28. Bxh6 gxh6 29. Rxh6 Rf6 30. Rxf6 Bxf6 31. fxe6 Kh8 32. Ng3 Qe7 33. Qe2 Qxe6 34. Qh5+ Kg7 35. Nf5+ Kf8 36. Qh6+ Kf7 37. Qh5+ Kf8 38. Qh6+ Kf7 39. Qh7+ Kf8 40. Ng7 Qf7 41. Qh6 Qxg7+ 42. Qxg7+ Kxg7 43. Kg2 Bd4 44. Kg3 Rf8 0-1

[Event "Kochan Memorial op-B 16th"]
[Site "Koszalin"]
[Date "2005.08.??"]
[Round "2"]
[White "Boratynski, Piotr"]
[Black "Lisinski, Henryk"]
[Result "1-0"]
[WhiteElo "1907"]
[BlackElo "2044"]
[PlyCount "101"]
[EventDate "2005.08.??"]
[EventType "swiss"]
[EventRounds "10"]
[EventCountry "POL"]
[SourceTitle "EXT 2006"]
[Source "ChessBase"]
[SourceDate "2005.11.24"]
[SourceVersion "1"]
[SourceVersionDate "2005.11.24"]
[SourceQuality "1"]

1. c4 e5 2. Nc3 d6 3. g3 Nf6 4. Bg2 c6 5. d4 Qc7 6. e3 Be7 7. Nge2 0-0 8. 0-0 Ne8 9. f4 f5 10. d5 Nd7 11. dxc6 bxc6 12. Nd5 Qd8 13. Nxe7+ Qxe7 14. Bxc6 Rb8 15. b3 Kh8 16. Ba3 Rf6 17. Nc3 Rh6 18. Qd2 Bb7 19. Bxb7 Rxb7 20. Rad1 g5 21. Nd5 Qg7 22. Qg2 Rb8 23. fxe5 Nxe5 24. Rxf5 g4 25. Bb2 Kg8 26. Bxe5 dxe5 27. c5 Nf6 28. Nxf6+ Rxf6 29. Qd5+ Kh8 30. Qxe5 Rxf5 31. Qxf5 Rf8 32. Qd7 Qg5 33. Qd4+ Kg8 34. Qd5+ Qxd5 35. Rxd5 h6 36. b4 Kg7 37. Rd7+ Kf6 38. Rxa7 Rd8 39. Ra6+ Kf5 40. Rd6 Ra8 41. Rd2 Ke4 42. Kf2 h5 43. c6 Rf8+ 44. Ke2 h4 45. Rd4+ Ke5 46. Rxg4 hxg3 47. hxg3 Ra8 48. c7 Rxa2+ 49. Kd3 Ra8 50. Rc4 Rc8 51. b5 1-0